| 000 | 03051nam0a2200385 4500 | ||
|---|---|---|---|
| 001 | RU\NLR\BIBL_A\011736768 | ||
| 005 | 20180711170700.0 | ||
| 010 |
_a978-5-6040627-7-7 _9100 |
||
| 021 |
_aRU _bКН-П-18-037002 _9КН-П-18-2677 |
||
| 035 | _a(NLR Aleph) 011736768 | ||
| 035 | _a(RuMoRGB)009642753 | ||
| 090 |
_a11557351 _c11557351 |
||
| 100 | _a20180622d2018 k y0rusy50 ca | ||
| 101 | 0 |
_arus _aeng |
|
| 102 | _aRU | ||
| 105 | _aa|||z|||110zy | ||
| 200 | 1 |
_aСтуденческий научный вестник _eматериалы XVIII Недели студенческой науки, посвященной 65-летию образования Белгородской области, [в рамках которой проходила XVIII студенческая научно-практическая конференция, 26 марта - 30 марта 2018 г.] _fМинобрнауки России, Федеральное государственное автономное образовательное учреждение высшего образования "Белгородский государственный национальный исследовательский университет", Старооскольский филиал (СОФ НИУ "БелГУ"), Студенческое научное общество "Научная инициатива" _g[редакционная коллегия: Т. П. Беликова, к.с.н., проф. (отв. редактор) и др.] |
|
| 210 |
_aСтарый Оскол _cРОСА _d2018 |
||
| 215 |
_a167 с. _cил., табл. _d20 |
||
| 300 | _aЧасть текста англ. | ||
| 320 | _aБиблиогр. в конце ст. | ||
| 606 | 1 |
_aГуманитарные науки _jСъезды, совещания и т.п. _92175177 _3RU\NLR\AUTH\661308230 |
|
| 686 |
_aС.я431(2Р-4Бл) _2rubbk |
||
| 686 | 1 | _aЧ21я431 | |
| 686 | 1 | _aС.я431 | |
| 702 | 1 |
_aБеликова _bТ. П. _gТамара Павловна _4340 |
|
| 711 | 0 | 2 |
_aБелгородский государственный национальный исследовательский университет _bСтарооскольский филиал _bНеделя студенческой науки _d18 _f2018 _9611869 _3RU\NLR\AUTH\880475237 |
| 711 | 0 | 2 |
_aБелгородский государственный национальный исследовательский университет _bСтарооскольский филиал _bСтуденческая научно-практическая конференция _d18 _f2018 _9611943 _3RU\NLR\AUTH\880475277 |
| 712 | 0 | 2 |
_4570 _a"Научная инициатива", студенческое научное общество _cСтарый Оскол _9611879 _3RU\NLR\AUTH\880475242 |
| 942 | _cBOOK | ||
| 980 | _aNBR | ||
| 980 | _aNB | ||